Top 100 Disney Animated Characters - Statistics

General Stats
  • This quiz has been taken 2,996 times
    42 since last reset
  • The average score is 66 of 100
Answer Stats
# Character First Appearance % Correct
26 Cinderella Cinderella (1950)
100%
3 Winnie-the-Pooh Winnie the Pooh & the Honey Tree (1966)
100%
20 Aladdin Aladdin (1992)
97%
11 Ariel The Little Mermaid (1989)
97%
1 Mickey Mouse Steamboat Willie (1928)
97%
14 Mufasa The Lion King (1994)
97%
21 Beast Beauty & the Best (1991)
94%
19 Elsa Frozen (2013)
94%
27 Minnie Mouse Steamboat Willie (1928)
94%
4 Simba The Lion King (1994)
94%
62 Snow White Snow White & the Seven Dwarfs (1937)
94%
7 Belle Beauty & the Beast (1991)
92%
18 Moana Moana (2016)
92%
33 Peter Pan Peter Pan (1953)
92%
35 Scar The Lion King (1994)
92%
13 Stitch Lilo & Stitch (2002)
92%
36 Anna Frozen (2013)
89%
9 Goofy Mickey's Revue (1932)
89%
52 Hercules Hercules (1997)
89%
23 Jasmine Aladdin (1992)
89%
82 Li Shang Mulan (1998)
89%
12 Rapunzel Tangled (2010)
89%
49 Alice Alice in Wonderland (1951)
86%
6 Genie Aladdin (1992)
86%
24 Lady Lady & the Tramp (1955)
86%
28 Mulan Mulan (1998)
86%
76 Pinocchio Pinocchio (1940)
86%
61 Tarzan Tarzan (1999)
86%
2 Donald Duck The Wise Little Hen (1934)
83%
29 Dumbo Dumbo (1941)
83%
48 Lilo Pelekai Lilo & Stitch (2002)
83%
50 Aurora Sleeping Beauty (1959)
81%
30 Bambi Bambi (1942)
81%
54 Pocahontas Pocahontas (1995)
81%
69 Ralph Wreck-It Ralph (2012)
81%
41 The Tramp Lady & the Tramp (1955)
81%
22 Olaf Frozen (2013)
78%
34 Robin Hood Robin Hood (1973)
78%
5 Tigger Winnie the Pooh & the Blustery Day (1968)
78%
45 Piglet Winnie the Pooh & the Blustery Day (1968)
75%
8 Timon The Lion King (1994)
75%
16 Tinker Bell Peter Pan (1953)
75%
93 Evil Queen Snow White & the Seven Dwarfs (1937)
72%
79 Jafar Aladdin (1992)
72%
17 Baloo The Jungle Book (1967)
69%
56 Dopey Snow White & the Seven Dwarfs (1937)
69%
60 Mowgli The Jungle Book (1967)
69%
67 Captain Hook Peter Pan (1953)
67%
75 Cruella de Vil One Hundred & One Dalmatians (1961)
67%
10 Eeyore Winnie the Pooh & the Honey Tree (1966)
67%
64 Grumpy Snow White & the Seven Dwarfs (1937)
64%
58 Jack Skellington The Nightmare Before Christmas (1993)
64%
95 Roger Rabbit Who Framed Roger Rabbit (1988)
64%
32 Tiana The Princess & the Frog (2009)
64%
71 Daisy Duck Mr. Duck Steps Out (1940)
61%
39 Gus Cinderella (1950)
61%
44 Hades Hercules (1997)
61%
99 Jim Hawkins Treasure Planet (2002)
61%
38 Maleficent Sleeping Beauty (1959)
61%
25 Pluto The Chain Gang (1930)
61%
91 Quasimodo The Hunchback of Notre Dame (1996)
58%
86 Gaston Beauty & the Beast (1991)
56%
43 Jiminy Cricket Pinocchio (1940)
56%
92 Mad Hatter Alice in Wonderland (1951)
56%
46 Mrs. Potts Beauty & the Beast (1991)
56%
70 Ursula The Little Mermaid (1989)
56%
53 Fairy Godmother Cinderella (1950)
53%
37 Flynn Rider Tangled (2010)
53%
96 Mother Gothel Tangled (2010)
53%
78 Kanga Winnie the Pooh & the Honey Tree (1966)
50%
40 Maui Moana (2016)
50%
57 Pongo One Hundred & One Dalmatians (1961)
50%
15 Pumbaa The Lion King (1994)
50%
47 Cheshire Cat Alice in Wonderland (1951)
47%
84 Kuzco The Emperor's New Groove (2000)
47%
59 Megara Hercules (1997)
47%
31 Mushu Mulan (1998)
47%
51 Rafiki The Lion King (1994)
47%
74 Roo Winnie the Pooh & the Honey Tree (1966)
47%
42 Baymax Big Hero 6 (2014)
44%
87 Bruno Madrigal Encanto (2021)
42%
81 Merlin The Sword in the Stone (1963)
42%
90 Mirabel Madrigal Encanto (2021)
42%
85 Phil Hercules (1997)
42%
94 Sally The Nightmare Before Christmas (1993)
42%
68 Zazu The Lion King (1994)
42%
73 Copper The Fox & the Hound (1981)
39%
63 Vanellope von Schweetz Wreck-It Ralph (2012)
39%
89 Yzma The Emperor's New Groove (2000)
39%
66 Kronk The Emperor's New Groove (2000)
33%
77 Perdita One Hundred & One Dalmatians (1961)
33%
72 Esmerelda The Hunchback of Notre Dame (1996)
31%
65 Jaq Cinderella (1950)
31%
83 Jessica Rabbit Who Framed Roger Rabbit (1988)
31%
55 Tod The Fox & the Hound (1981)
31%
88 Bernard The Rescuers (1977)
25%
98 Dr. Facilier The Princess & the Frog (2009)
25%
80 Miss Bianca The Rescuers (1977)
25%
97 Oogie Boogie The Nightmare Before Christmas (1993)
25%
100 Blue Fairy Pinocchio (1940)
22%
No matching quizzes found
Score Distribution
Percent of People with Each Score
Percentile by Number Answered
Your Score History
You have not taken this quiz since the last reset